000 00400cam a22001694i 4500
020 _a1570753415
040 _cDLC
082 0 0 _a231 GRE 1991 C153 Or.
100 1 _aToolan, David
245 1 0 _aAt home in the cosmos /
300 _axiii, 257 pages ;
_c24 cm
650 0 _aHuman ecology
650 0 _aNature
650 0 _aEnvironmental ethics
650 0 _aReligion and science
942 _cAEDBB
999 _c18824
_d18824